Crisis y conflicto en el capitalismo latinoamericano: lecturas políticas /

Enregistré dans:
Détails bibliographiques
Auteur principal: Levy, Bettina
Collectivités auteurs: CLACSO, Asdi
Autres auteurs: comp
Format: Texte
Publié: Buenos Aires: CLACSO
Sujets:
Tags: Ajouter un tag
Pas de tags, Soyez le premier à ajouter un tag!

MARC

LEADER 00000 a a2200000 04500
001 28579
003
040
020 |a 950-9231-80-0  
090 |a 189108  
100 |a Levy, Bettina  
110 |a CLACSO  
245 |a Crisis y conflicto en el capitalismo latinoamericano: lecturas políticas /  |c CLACSO  
260 |a Buenos Aires:   |b CLACSO  
300 |a 355 p  
650 |a MOVIMIENTOS SOCIALES  
650 |a GOBIERNO LOCAL  
650 |a GRUPOS ETNICOS  
650 |a AUTORITARISMO  
650 |a DEMOCRACIA  
700 |a comp  
710 |a Asdi  
999 |c 16040  |d 16040